00743 2200253 4500001002100000005001500021035002000036007000300056008004100059020001800100082001000118084001600128100003300144245007300177250001200250300004200262650002700304650003100331264004000362336002100402337003000423338002300453990001300476INLIS00000000112174620251111023147 a0010-1125000103ta251111 0 ind  a9786233811439 a297.4 a297.4 ASE t0 aAsep Usman IsmailePengarang1 aTema-Tema Tasawuf dalam Alquran :b(Seri Kedua) /cAsep Usman Ismail aEdisi 1 avi, 250 halaman :bilustrasi ;c23 cm 4aTasawuf—Ajaran Islam 4aSufism—Islamic Teachings aMalang :bInteligensia Media,c2023 2rdacontentaTeks 2rdamediaaTanpa Perantara 2rdacarrieraVolume a25/00066